000 00409nam a2200181Ia 4500
001 15734
005 20260306170217.0
008 260306t2007||||xx |||||||||||||| ||und||
041 _aESP
082 _a604.2
_bC76
100 _aCompany, Pedro
_eAUT
245 0 _aDibujo industrial
260 _c2007
300 _a576 páginas :
_c30 cm.
650 _aGEN
654 _aCAU
942 _cLIB
_dJUS
_fJUS
_2ddc
_n
999 _c15734
_d15734